000 00456crm a2200193 i 4500
005 20250414123951.0
008 250414b |||||||| |||| 00| 0 eng d
040 _erda
092 _bPuzzles
245 _aConstruction
264 _aWestport, CT
_bMelissa & Doug
_c2025
300 _a6 pieces
520 _aChunky Wooden Puzzle
521 _aFamily
942 _2ddc
_cPUZZLES
999 _c406906
_d406906